| 000 | 00787nam a22002057a 4500 | ||
|---|---|---|---|
| 999 |
_c7465 _d7465 |
||
| 003 | AR-CdUCM | ||
| 008 | 190320b ||||| |||| 00| 0 spa d | ||
| 040 |
_aMUNICIPALIDAD PROVINCIAL DEL CUSCO _cBIBLIOTECA MUNICIPAL DEL CUSCO |
||
| 082 |
_23 ed. _a372 / _bC87 |
||
| 100 |
_aCronbach, Lee J. _921053 |
||
| 245 | _aPsicologia educativa / | ||
| 260 |
_aMexico : _bCesarman, _c1968. |
||
| 300 |
_a690 paginas ; _c24 cm. |
||
| 505 | _aContenido : Primera parte : Formas en que la psicología contribuye a la educación -- Lo que los profesores tratan de llevar acabo -- Introduccion al proceso de aprendizaje -- Segunda parte : La corriente de desarrollo ... | ||
| 650 |
_aEducación _9460 |
||
| 650 |
_aPsicologia _91538 |
||
| 650 |
_aAlumno _94954 |
||
| 942 |
_2ddc _cLIBROS |
||
| 945 | _arah | ||